Модульная интегрированная SCADA "КРУГ-2000" версии 2.6; Промышленные АСУ и контроллеры; № 10

Detalles Bibliográficos
Parent link:Промышленные АСУ и контроллеры: ежемесячный научно-технический производственный журнал.— , 2002-
№ 10.— 2005.— С. 46-48
Autor principal: Гурьянов Л. В.
Lenguaje:ruso
Publicado: 2005
Colección:Математическое обеспечение АСУ
Materias:
Formato: Capítulo de libro
KOHA link:https://koha.lib.tpu.ru/cgi-bin/koha/opac-detail.pl?biblionumber=399587

MARC

LEADER 00000naa2a2200000 4500
001 399587
005 20231101065241.0
035 |a (RuTPU)RU\TPU\prd\41065 
090 |a 399587 
100 |a 20060124a2005 k y0rusy50 ca 
101 0 |a rus 
102 |a RU 
200 1 |a Модульная интегрированная SCADA "КРУГ-2000" версии 2.6  |f Л. В. Гурьянов 
225 1 |a Математическое обеспечение АСУ 
461 0 |0 (RuTPU)RU\TPU\prd\2287  |t Промышленные АСУ и контроллеры  |o ежемесячный научно-технический производственный журнал  |d 2002- 
463 0 |0 (RuTPU)RU\TPU\prd\39668  |t № 10  |v С. 46-48  |d 2005 
610 1 |a программное обеспечение 
610 1 |a SCADA "КРУГ" 
610 1 |a сервер событий 
610 1 |a событийные станции 
610 1 |a коммерческий учет 
610 1 |a теплоресурсы 
610 1 |a природный газ 
610 1 |a PC-совместимые контролеры 
610 1 |a интегрированная среда 
610 1 |a система реального времени 
700 1 |a Гурьянов  |b Л. В. 
801 1 |a RU  |b 63413507  |c 20060124  |g PSBO 
942 |c BK